=LDR 00000nam 2200000 4500 =001 INLIS000000000059960 =005 20211222010750 =035 ##$$a 0010-1221000187 =007 ta =008 211222###########################0###### =082 ##$$a F Rom D Der T =084 ##$$a F Rom D Der T MAR t =100 #$$a Marin Dermout =245 1#$$a taman kate kate : $b taman kate kate /$c Dick Hartoko =250 ##$$a cetakan pertama =260 ##$$a Jakarta :$b PT Dunia Pustaka Jaya,$c 1975 =300 ##$$a 238 hlm : $b ilus ; $c 14x21 cm. =990 ##$$a 36823682 =990 ##$$a 1202103682